| 000 | 01260nam a2200217Ia 4500 | ||
|---|---|---|---|
| 999 |
_c34922 _d34922 |
||
| 001 | 749 | ||
| 003 | GE_BSU | ||
| 005 | 20220926114315.0 | ||
| 008 | 181216s2003||||ge |||||||||||||| ||geo|| | ||
| 040 | _cGE_BSU | ||
| 041 | _ageo | ||
| 080 | _a581.5(075.8) ჯ–26 | ||
| 100 |
_aჯაფარიძე, თენგიზ _98289 |
||
| 245 |
_aმცენარეთა ეკოლოგია : _bსახელმძღვ. უმაღლ. სასწავლებლების სტუდენტებისათვის / _cთ. ჯაფარიძე ; რედ. თ. ჩაგელიშვილი ; ბუნების დაცვის მსოფლიო ფონდი, საქართველოში ეკოლ. განათლების განვითარების პროგრამა. |
||
| 264 |
_aთბილისი : _bვეცნიერება, _c2003. |
||
| 300 |
_a330 გვ. _bილ., ცხრ. ; _c20 სმ. |
||
| 500 | _aტერმინთა ლექსიკონი: გვ. 308–324. | ||
| 501 | _aძირითადი ლიტერატურა: გვ. 325–326. | ||
| 653 | _aმცენარეთა ეკოლოგია | ||
| 942 |
_cBK _2udc |
||